000 00424nam a2200181Ia 4500
005 20240823054534.0
008 240823s9999||||xx |||||||||||||| ||und||
041 _aENGLISH
082 _A794.142 P5
100 _aAlexander Baburin
245 0 _aWinning Pawn Structures
250 _a1st
260 _c2015
_bRain Tree Publishing Pv
500 _aYES
650 _aStructure
_bGeneral
942 _cBK
999 _c226686
_d226686